| 000 | 01001cam a2200253 a 4500 | ||
|---|---|---|---|
| 005 | 20250711223135.0 | ||
| 008 | 190622s2019 ck a gr 000 0dspa | ||
| 015 | _ack-2019-xxxx | ||
| 020 | _a978-958-5464-51-3 | ||
| 040 |
_aCO-CtgCURN _bspa _ccoctgcurn |
||
| 082 | 0 | 4 |
_a305.42098 _bR934 _223 |
| 100 | 1 | _aRuiz-Navarro, Catalina. | |
| 245 | 1 | 4 |
_aLas mujeres que luchan, se encuentran : _bmanual de feminismo pop latinoamericano / _cCatalina Ruiz-Navarro ; ilustraciones de Luisa Castellanos. |
| 250 | _aPrimera edicion. | ||
| 260 |
_aBogotá : _bGrijalbo, _c2019. |
||
| 300 |
_a587 paginas : _bilustraciones a color ; _c23 cm. |
||
| 500 | _aIncluye datos biográficos de la autora. | ||
| 504 | _aIncluye referencias bibliográficas (p. 573-587) | ||
| 596 | _a7 | ||
| 650 | 1 | 4 |
_aFeminismo _zAmérica Latina _vRelatos personales. |
| 700 | 1 |
_aCastellanos, Luisa, _eilustrador. _4il |
|
| 942 |
_aBK _cBK _h305.42098 _iR934 _2ddc |
||
| 999 |
_c49122 _d49122 |
||